| 000 | 00000nam 2200000za 4500 |
| 001 | 9.854428 |
| 003 | CaOODSP |
| 005 | 20250616155154 |
| 007 | cr ||||||||||| |
| 008 | 180327s2017 onc o f000 0 fre d |
| 040 | |aCaOODSP|bfre |
| 043 | |an-cn---|an-mx--- |
| 086 | 1 |aFR5-140/2017F-PDF |
| 245 | 00|aQu’arrive-t-il si je décède au Mexique? |h[ressource électronique]. |
| 260 | |a[Ottawa] : |bGouvernement du Canada, |c[2017] |
| 300 | |a[2] p. |
| 500 | |aPubl. aussi en anglais sous le titre : What if I die in Mexico? |
| 500 | |aTitre de départ. |
| 500 | |aPubl. par : Affaires mondiales Canada. |
| 520 | |a« De nombreux citoyens canadiens travaillent ou prennent leur retraite au Mexique. Comme la mort fait partie intégrante de la vie, il est logique que ceux qui y vivent se préparent à l’éventualité de décéder au Mexique. Ces conseils vous aideront, vous, votre famille et vos proches, à savoir quoi faire si cela se produit » -- P. [1]. |
| 692 | 07|2gccst|aVoyage international |
| 692 | 07|2gccst|aMort |
| 693 | 4|aMexique |
| 710 | 1 |aCanada. |bAffaires mondiales Canada. |
| 775 | 08|tWhat if I die in Mexico? |w(CaOODSP)9.854423 |
| 856 | 40|qPDF|s280 Ko|uhttps://publications.gc.ca/collections/collection_2018/amc-gac/FR5-140-2017-fra.pdf |